[Event "CZE-chT1c 9495"]
[Site "?"]
[Date "1995.??.??"]
[Round "9"]
[White "Frolik, Martin"]
[Black "Sleich, Jan"]
[Result "1/2-1/2"]
[WhiteElo "2240"]
[BlackElo "2165"]

1.d4 Nf6 2.Nf3 e6 3.c4 b6 4.Nc3 Bb7 5.e3 Bb4 6.Bd3 O-O 7.O-O c5 8.a3 Bxc3
9.bxc3 d6 10.Qc2 Nbd7 11.Nd2 Qe7 12.Bb2 e5 13.d5 g6 14.Rae1 Nh5 15.f4 f5
16.Be2 Nhf6 17.e4 fxe4 18.Nxe4 Nxe4 19.Qxe4 Rae8 20.f5 gxf5 21.Rxf5 Rxf5
22.Qxf5 Rf8 23.Qg4+ Kh8 24.Bc1 Bc8 25.Bg5 Qg7 26.Be3 Nf6 27.Qxg7+ Kxg7 28.Rf1 Rf7
29.Bd3 Ba6 30.Bg5 h6 31.Bd2 Ng8 32.Rxf7+ Kxf7 33.Kf2 Kg7 34.Ke3 Nf6 35.h3 Nh5
36.Kf3 Nf6 37.Ke3 Nh5 38.Kf3 Nf6 39.Ke3 Bc8 40.g4 Ba6 41.Be1 Bc8 42.Be2 Bd7
43.Bh4 Kf7 44.Kd2 Ne4+ 45.Kd3 Ng5 46.Bf1 Ba4 47.Bf2 Bd1 48.Be3 Kg7 49.Bf2 Nf3
50.Ke3 Ng5 51.h4 Nh7 52.Be2 Bb3 53.Bg3 Nf6 54.g5 hxg5 55.hxg5 Nh7 56.Bh4 Bc2
57.Bh5 Bg6 58.Bg4 Nf8  1/2-1/2

[Event "CZE-chT2"]
[Site "?"]
[Date "1995.??.??"]
[Round "?"]
[White "Simek, Petr"]
[Black "Nun, Jiri"]
[Result "1/2-1/2"]
[WhiteElo "2145"]
[BlackElo "2385"]

1.Nf3 Nf6 2.c4 b6 3.d4 e6 4.Nc3 Bb7 5.a3 d5 6.cxd5 exd5 7.g3 Bd6 8.Bg2 O-O
9.O-O Re8 10.Bf4 Bxf4 11.gxf4 Ne4 12.Rc1 Nd7 13.Ne5 Ndf6 14.e3 Re7 15.Qe2 Qe8
16.Kh1 a6 17.Rc2 Nd6 18.Rfc1 c5 19.dxc5 bxc5 20.Rd1 d4 21.Bxb7 Rxb7 22.exd4 cxd4
23.Rxd4 Nf5 24.Rdd2 Re7 25.Qf3 Nh4 26.Qg3 Ng6 27.Re2 Nh5 28.Qf3 Ngxf4 29.Nc6 Re6
30.Rxe6 fxe6 31.Ne7+ Kh8 32.Ne2 Nd3 33.Qxd3 Qxe7 34.Qf3 Qe8 35.Ng3 Nf6 36.Qc6 a5
37.Qxe8+ Rxe8 38.Rc5 Ra8 39.Kg2 h6 40.Rc6 Rb8 41.Rc5  1/2-1/2

[Event "Decin op"]
[Site "Decin"]
[Date "1995.??.??"]
[Round "7"]
[White "Priehoda, Vitezslav"]
[Black "Pushkov, Nikolai"]
[Result "0-1"]
[WhiteElo "2365"]
[BlackElo "2515"]

1.d4 Nf6 2.c4 e6 3.Nf3 b6 4.Nc3 Bb4 5.g3 Ba6 6.Qb3 c5 7.a3 Bxc3+ 8.Qxc3 Nc6
9.Bg2 Rc8 10.dxc5 bxc5 11.O-O Na5 12.Ne5 Qb6 13.Bd2 Nb3 14.Rad1 d6 15.Ng4 Nh5
16.e4 O-O 17.f4 Nd4 18.Rf2 Qb3 19.Qxb3 Nxb3 20.Bc3 Rfd8 21.Bf3 Kf8 22.Be2 Bb7
23.Bf3 Rb8 24.Kg2 Ke7 25.e5 d5 26.cxd5 exd5 27.f5 d4 28.Bd2 Bxf3+ 29.Rxf3 f6
30.Rf2 Nxd2 31.Rdxd2 Rb3 32.Rf3 Rdb8 33.Rxb3 Rxb3 34.Re2 fxe5 35.Nxe5 Kd6
36.Nf7+ Kd5 37.Re5+ Kc6 38.Re2 Nf6 39.Kf2 Ng4+ 40.Ke1 Ne3 41.Rf2 Nc4 42.f6 gxf6
43.Rxf6+ Kb5 44.Rf2 Nxb2  0-1

[Event "Dresden op"]
[Site "Dresden"]
[Date "1995.??.??"]
[Round "?"]
[White "Sturua, Zurab"]
[Black "Apel, Stefan"]
[Result "1-0"]
[WhiteElo "2540"]
[BlackElo "2340"]

1.d4 Nf6 2.Nf3 e6 3.c4 b6 4.Nc3 Bb7 5.a3 g6 6.Qc2 Bxf3 7.gxf3 Bg7 8.Bg5 h6
9.Bh4 Nc6 10.e3 Ne7 11.Bd3 Nf5 12.Bxf5 exf5 13.O-O-O O-O 14.Rhg1 Kh8 15.Kb1 Qe8
16.e4 g5 17.Bxg5 hxg5 18.Rxg5 fxe4 19.Re5 Qd8 20.fxe4 Nh7 21.Rh5 Qe8 22.Rd3 Kg8
23.Rdh3 Nf6 24.R5h4 Qe6 25.e5 Rfe8 26.Rg3 Kf8 27.exf6 Bxf6 28.Rhg4 Bxd4 29.Rxd4  1-0

[Event "RUS-ch"]
[Site "Elista"]
[Date "1995.??.??"]
[Round "10"]
[White "Zvjaginsev, Vadim"]
[Black "Ionov, Sergey"]
[Result "1-0"]
[WhiteElo "2600"]
[BlackElo "2525"]

1.d4 Nf6 2.c4 e6 3.Nf3 b6 4.Nc3 Bb7 5.a3 d5 6.Bg5 Be7 7.Bxf6 Bxf6 8.cxd5 exd5
9.g3 O-O 10.Bg2 c5 11.Rc1 Na6 12.O-O Qe7 13.e3 Rfd8 14.Qa4 Nc7 15.Rfe1 Ne6
16.Rcd1 a6 17.Bh3 Qc7 18.Qc2 Qd6 19.Qd2 Qe7 20.Na4 Qd6 21.dxc5 Nxc5 22.Nxc5 bxc5
23.e4 Re8 24.Bg2 d4 25.Qd3 Rab8 26.Nd2 Qc6 27.Nc4 Be7 28.Rd2 Bf8 29.f4 Qb5
30.e5 Bxg2 31.Kxg2 Qb3 32.Rc1 Qa4 33.Qe4 Qd7 34.f5 g6 35.Rf1 Qb7 36.Qxb7 Rxb7
37.g4 Rd8 38.Rd3 Be7 39.f6 Bf8 40.h4 h6 41.Rff3 Rdb8 42.Kg3 Kh7 43.Kf4 Rb5
44.Ke4 R5b7 45.h5 Rb5 46.Rh3 g5 47.Rhf3 Kg8 48.Kf5 R5b7 49.Rf2 Re8 50.Re2 Re6
51.Ke4 Re8 52.Kf3 Rbb8 53.Kf2 Rb7 54.Ke1 Rbb8 55.Kd1 Rb7 56.Kc2 Rb5 57.Rf2 Reb8
58.Rff3 R8b7 59.Rb3 Rb8 60.Rxb5 axb5 61.Rb3 d3+ 62.Kd2 Rd8 63.Rxb5 Rd4 64.b3 Rxg4
65.Rb8 Re4 66.Ne3 g4 67.Nf5 g3 68.Ne7+  1-0

[Event "FIN-chT"]
[Site "FIN"]
[Date "1995.??.??"]
[Round "?"]
[White "Hakulinen, Esko Matti"]
[Black "Raaste, Eero J"]
[Result "1/2-1/2"]
[WhiteElo "2315"]
[BlackElo "2355"]

1.d4 e6 2.c4 Nf6 3.Nf3 b6 4.Nc3 Bb4 5.Qb3 c5 6.a3 Ba5 7.Bg5 h6 8.Bh4 g5 9.Bg3 Ne4
10.O-O-O Bxc3 11.bxc3 Nc6 12.d5 Na5 13.Qc2 Nxg3 14.hxg3 Qf6 15.e4 e5 16.Bd3 d6
17.Nh2 Bd7 18.Qe2 Rb8 19.Kd2 Ke7 20.Rb1 h5 21.Nf1 Rh6 22.Ne3 Rbh8 23.Rh2 h4
24.Rbh1 hxg3 25.Rxh6 Rxh6 26.Rxh6 Qxh6 27.fxg3 Qh1 28.Qf1 Qxf1  1/2-1/2

[Event "Finkenstein op"]
[Site "Finkenstein"]
[Date "1995.??.??"]
[Round "1"]
[White "Pleimer, Anton"]
[Black "Kiss, Laszlo"]
[Result "1/2-1/2"]
[WhiteElo "1800"]
[BlackElo "2275"]

1.d4 Nf6 2.c4 e6 3.Nf3 b6 4.Nc3 Bb4 5.Bg5 h6 6.Bd2 O-O 7.e3 Bb7 8.Be2 Bxc3
9.Bxc3 Ne4 10.Rc1 d6 11.O-O Nd7 12.Qc2 f5 13.Rfd1 Ndf6 14.d5 Nxf2 15.Bxf6 Qxf6
16.Kxf2 e5 17.Kg1 Rae8 18.Rf1 g5 19.Nd2 Qg6 20.Bg4 Bc8 21.Rf2 h5 22.Be2 Re7
23.g4 hxg4 24.Bxg4 Kg7 25.Rcf1 Ref7 26.Bd1 Rh8 27.Bg4 Rhf8  1/2-1/2

[Event "Frydek-Mistek op"]
[Site "Frydek-Mistek"]
[Date "1995.??.??"]
[Round "?"]
[White "Dydyshko, Viacheslav"]
[Black "Votava, Petr"]
[Result "1-0"]
[WhiteElo "2495"]
[BlackElo "2395"]

1.d4 Nf6 2.c4 e6 3.Nf3 b6 4.Nc3 Bb7 5.a3 Be7 6.d5 d6 7.e4 O-O 8.Be2 c5 9.O-O Ne8
10.b4 Nd7 11.Be3 e5 12.Rb1 Rb8 13.Qa4 a6 14.Rb2 Qc7 15.Rfb1 h6 16.Qc2 Kh7
17.Qd3 Nef6 18.Nd2 g6 19.g3 Ng8 20.Bg4 Bc8 21.Na4 Ngf6 22.Bh3 Ra8 23.Qf1 Re8
24.f3 Ra7 25.bxc5 bxc5 26.Nb3 Nf8 27.Bd2 Rb7 28.Na5 Rxb2 29.Rxb2 Bd7 30.Rb7 Qxb7
31.Nxb7 Bxa4 32.Qb1 N6d7 33.Na5 Rb8 34.Qc1 Bg5 35.Bxg5 hxg5 36.Qxg5 Rb1+
37.Bf1 f6 38.Qd2 Nb6 39.Qa2 Rd1 40.Kf2 Rc1 41.Bd3 Nfd7 42.Qb2 Rd1 43.Be2 Rh1
44.Kg2 Re1  1-0

[Event "Peer Gynt"]
[Site "Gausdal"]
[Date "1995.??.??"]
[Round "8"]
[White "Elsness, Frode"]
[Black "Gausel, Einar"]
[Result "1/2-1/2"]
[WhiteElo "2250"]
[BlackElo "2490"]

1.d4 Nf6 2.c4 e6 3.Nf3 b6 4.Nc3 Bb4 5.Bg5 Bb7 6.e3 Bxc3+ 7.bxc3 h6 8.Bh4 Qe7
9.Nd2 g5 10.Bg3 d6 11.f3 Nbd7 12.Qa4 Nh5 13.Bf2 f5 14.O-O-O a6 15.Bd3  1/2-1/2

[Event "Gausdal Int"]
[Site "Gausdal"]
[Date "1995.??.??"]
[Round "9"]
[White "Elsness, Frode"]
[Black "Johannesson, Larus"]
[Result "1-0"]
[WhiteElo "2250"]
[BlackElo "2290"]

1.d4 e6 2.c4 Nf6 3.Nf3 b6 4.Nc3 Bb4 5.Bg5 Bb7 6.e3 Bxc3+ 7.bxc3 d6 8.Nd2 Nbd7
9.f3 O-O 10.Bd3 c5 11.O-O h6 12.Bh4 Qc7 13.f4 d5 14.Rc1 dxc4 15.Nxc4 Ne4
16.f5 Qc6 17.Qe2 exf5 18.Rxf5 Qe6 19.Rff1 Bd5 20.Na3 cxd4 21.exd4 Nef6 22.Qxe6 Bxe6
23.c4 Bg4 24.Nb5 a6 25.Nd6 Ne8 26.Nf5 Nc7 27.Ne7+ Kh8 28.h3 Be6 29.Bb1 Nf6
30.Rxf6  1-0

[Event "Geneve op"]
[Site "Geneve"]
[Date "1995.??.??"]
[Round "4"]
[White "Tukmakov, Vladimir B"]
[Black "Roeder, Mathias"]
[Result "1/2-1/2"]
[WhiteElo "2585"]
[BlackElo "2440"]

1.d4 Nf6 2.Nf3 e6 3.c4 b6 4.Nc3 Bb4 5.e3 Bb7 6.Bd3 O-O 7.O-O d5 8.cxd5 exd5
9.a3 Be7 10.b4 Nbd7 11.Qb3 a6 12.a4 Bd6 13.Bb2 Qe7 14.b5 c6 15.bxc6 Bxc6
16.Ba3 Rfc8 17.Bxd6 Qxd6 18.Rfc1 Bb7 19.Rc2 Rc7 20.Rac1 Rac8 21.g3 g6 22.Bf1 Kg7
23.Bh3 Ne4 24.Bxd7 Nxc3 25.Rxc3 Qxd7 26.Rxc7 Rxc7 27.Rb1 Bc8 28.Ne5 Qe7 29.Qd1 Qd6
30.Kg2 Bf5 31.Rb2 f6 32.Nd3 Qa3 33.Rd2 Be4+ 34.f3 Bxd3 35.Rxd3 Rc3 36.Rxc3 Qxc3
37.e4 dxe4 38.fxe4 Qe3 39.d5 Qxe4+ 40.Kg1 Kf7 41.d6 Ke8 42.d7+ Kd8 43.Qd6 Qxa4
44.Qxf6+ Kxd7 45.Qxb6 Qd1+ 46.Kg2 Qd2+ 47.Kg1 a5 48.Qb7+ Kd6 49.Qxh7 Qc2
50.Qg7 a4 51.h4 Kd5 52.Qf7+ Kd4 53.h5 gxh5 54.Qxh5 Qc5 55.Qh8+ Ke3 56.Kg2 a3
57.Qg8 Qc2+ 58.Kh3 a2 59.Qe6+ Kf2 60.Qb6+ Ke2 61.Qe6+ Kd1 62.Qd5+ Qd2 63.Qh1+ Kc2
64.Qc6+ Qc3 65.Qa4+ Kb2 66.Qb5+ Ka3 67.Qa6+ Kb3 68.Qb5+ Qb4 69.Qd3+ Ka4 70.Qa6+ Qa5
71.Qc4+ Ka3 72.Qd3+ Kb2 73.Qe2+ Kc1 74.Qf1+ Kd2 75.Qf2+ Kd3 76.Qf3+ Kd4 77.Qf2+ Kc4
78.Qc2+ Kb5 79.Qf5+ Kb6 80.Qe6+ Kc7 81.Qf7+ Kc8 82.Qe8+ Kc7 83.Qe7+ Kc6 84.Qe6+ Kc5
85.Qe5+ Kb4 86.Qe1+ Ka4 87.Qd1+ Ka3 88.Qd3+ Kb2 89.Qe2+ Kc1 90.Qf1+ Kc2 91.Qc4+ Kd1
92.Qd4+ Kc2 93.Qc4+ Kb2 94.Qe2+  1/2-1/2

[Event "OL-SW 9596"]
[Site "GER"]
[Date "1995.??.??"]
[Round "?"]
[White "Steinheimer, Juergen"]
[Black "Berger, Thomas"]
[Result "1/2-1/2"]
[WhiteElo "2210"]
[BlackElo "2290"]

1.d4 Nf6 2.c4 e6 3.Nc3 b6 4.Nf3 Bb7 5.e3 Bb4 6.Qb3 Bxc3+ 7.Qxc3 Ne4 8.Qc2 O-O
9.Bd3 f5 10.O-O d6 11.Nd2 Nxd2 12.Bxd2 Nd7 13.b4 Qf6 14.c5 dxc5 15.bxc5 bxc5
16.dxc5 Ne5 17.Be2 Be4 18.Qa4 Rfd8 19.Qa5 Bd3 20.Bxd3 Rxd3 21.Rac1 Qd8 22.Bc3 Nc6
23.Qa4 Qd5 24.Qf4 Qd7 25.e4 Rf8 26.exf5 Rxf5 27.Qg4 Nd4 28.Qe4 Nb5 29.Be5 Rd2
30.a4 Nd4 31.Bxd4 Qxd4 32.Qxe6+ Rf7 33.Qe8+ Rf8 34.Qe6+ Kh8 35.Qe3 Qb2 36.c6 Re2
37.Qc5 Kg8 38.Qd5+ Kh8 39.Qc5 Kg8 40.Qc4+ Kh8 41.Qc3 Rfxf2 42.Rxf2 Rxf2 43.Qxb2 Rxb2
44.Rd1 h6 45.Rd7 Ra2 46.Rxc7 Rxa4 47.Rb7 Rc4 48.c7 Kh7 49.Rxa7 Rc2 50.Kf1 Kg6
51.Ke1 Kf5 52.Kd1 Rc6 53.Ke2 Ke4 54.Kf2 Kf4 55.g3+ Ke4 56.Kg2 Rc2+ 57.Kh3 Kf5
58.c8=Q+ Rxc8 59.Rxg7 Rc2 60.Ra7 h5 61.Ra5+ Kg6 62.Ra1 Kg5 63.Rf1 Ra2 64.Rg1 Rb2
65.Rg2 Rxg2 66.Kxg2 h4  1/2-1/2

[Event "BL2-N9495"]
[Site "Germany"]
[Date "1995.??.??"]
[Round "?"]
[White "Kalinitschew, Sergey"]
[Black "Murdzia, Piotr"]
[Result "1-0"]
[WhiteElo "2465"]
[BlackElo "2455"]

1.d4 Nf6 2.Nf3 e6 3.c4 b6 4.Nc3 Bb7 5.a3 d5 6.cxd5 exd5 7.g3 Be7 8.Qa4+ c6
9.Bg2 O-O 10.O-O Nbd7 11.Bf4 Re8 12.Rad1 a5 13.Rfe1 Nf8 14.Ne5 b5 15.Qc2 Ne6
16.Bc1 Bf8 17.e3 Qb6 18.f4 Rad8 19.g4 c5 20.g5 Ne4 21.dxc5 Qxc5 22.Bxe4 dxe4
23.Nd7 Rxd7 24.Rxd7 Bc6 25.b4 axb4 26.axb4 Qb6 27.Nd5 Qa6 28.Nc7 Qb7 29.Nxe6 Qxd7
30.Nxf8 Rxf8 31.Bb2 Bd5 32.Qg2 Ra8 33.Rd1 Qe6 34.h3 Bc4 35.Kh2 Qe7 36.Qd2 Bd3
37.Qc3 Qf8 38.Rc1 Rd8 39.Ra1 Bc4 40.Qe5 Re8 41.Qc3 Rc8 42.Ra7 Bd3 43.Qe5 Re8
44.Qf5 Re7 45.Bxg7 Qe8 46.Bh6 Rxa7 47.Qf6 Ra2+ 48.Kg3 Qf8 49.Bxf8 Kxf8 50.f5  1-0

[Event "Hessenliga"]
[Site "Germany"]
[Date "1995.??.??"]
[Round "?"]
[White "Meiser, Markus"]
[Black "Berndt, Matthias"]
[Result "1-0"]
[WhiteElo "2270"]
[BlackElo "2130"]

1.d4 Nf6 2.c4 e6 3.Nf3 b6 4.Nc3 Bb7 5.Bg5 Bb4 6.e3 h6 7.Bh4 Bxc3+ 8.bxc3 d6
9.Nd2 c5 10.f3 Nbd7 11.Bd3 Qc7 12.O-O O-O 13.e4 cxd4 14.cxd4 e5 15.Bf2 Rfe8
16.Bc2 Nf8 17.Ba4 Re7 18.Rc1 Ne6 19.Nb3 Rd8 20.Qc2 Qb8 21.Rfd1 Rc8 22.Qb2 Ba6
23.Bb5 Bxb5 24.cxb5 Rxc1 25.Rxc1 Ne8 26.Bg3 f6 27.dxe5 dxe5 28.Rc6 Qd8 29.Qc2 Kh7
30.h3 Nd4 31.Nxd4 Qxd4+ 32.Bf2 Qd7 33.Kh2 Nc7 34.Qc4 Ne6 35.a4 Nf4 36.Be3 Ne6
37.Bc1 Nd4 38.Ba3 Rf7 39.Rd6 Qc7 40.Qd5 Kg6 41.Qxe5  1-0

[Event "NRW-Liga I 9495"]
[Site "Germany"]
[Date "1995.??.??"]
[Round "?"]
[White "Roeder, Mathias"]
[Black "Sjodahl, Pontus"]
[Result "1/2-1/2"]
[WhiteElo "2425"]
[BlackElo "2425"]

1.d4 Nf6 2.c4 e6 3.Nf3 b6 4.Nc3 Bb7 5.a3 d5 6.cxd5 Nxd5 7.Qc2 Nxc3 8.Qxc3 h6
9.e3 Bd6 10.Bb5+ Nd7 11.Bc6 Bxc6 12.Qxc6 O-O 13.Bd2 e5 14.Bb4 Bxb4+ 15.axb4 exd4
16.Rd1 Qe7 17.Rxd4 Ne5 18.Nxe5 Qxe5 19.O-O Rad8 20.Rfd1 Rxd4 21.Rxd4 a5 22.g3 axb4
23.Rxb4 Rd8 24.Re4 Qxb2 25.Kg2 Qa2 26.Qxc7 Qd5 27.f3 Qd2+ 28.Kh3 Qd7+ 29.Qxd7 Rxd7
30.Re8+ Kh7 31.Rb8 Rd6 32.e4 g6 33.Rb7 Kg7 34.e5 Rc6 35.Kg4 Re6 36.f4 Rc6
37.h3 Re6 38.Kf3 h5 39.Ke4 Rc6 40.Kd5 Rc5+ 41.Kd4 Rc6 42.g4 hxg4 43.hxg4 Kf8
44.f5 gxf5 45.gxf5 Ke8 46.Kd5 Rc5+ 47.Kd6 Rc8 48.Rxb6 Rd8+ 49.Kc7 Rd1 50.f6 Rc1+
51.Rc6 Re1 52.Rc4 Rd1 53.Rc2 Re1 54.Rc3 Rd1 55.Ra3 Rc1+ 56.Kd6 Rd1+ 57.Kc6 Rc1+
58.Kd5 Rd1+ 59.Ke4 Re1+ 60.Kf5 Rf1+ 61.Kg4 Rg1+ 62.Kf3 Rf1+ 63.Kg4 Rg1+ 64.Rg3 Re1
65.Kf5 Rf1+ 66.Ke4  1/2-1/2

[Event "Landesliga S9596 Bayern"]
[Site "Germany"]
[Date "1995.??.??"]
[Round "?"]
[White "Hornung, Hans"]
[Black "Ploehn, Heiko"]
[Result "1/2-1/2"]
[WhiteElo "2220"]
[BlackElo "2135"]

1.d4 Nf6 2.Nf3 e6 3.c4 b6 4.Nc3 Bb4 5.Bg5 Bb7 6.e3 h6 7.Bh4 Bxc3+ 8.bxc3 d6
9.Nd2 g5 10.Bg3 Qe7 11.h4 Rg8 12.Qc2 Nc6 13.Nb3 O-O-O 14.Be2 Nd7 15.O-O-O Rdf8
16.hxg5 hxg5 17.Rh7 Rh8 18.Rdh1 Qd8 19.f3 Nf6 20.Rxh8 Rxh8 21.Qd1 Qf8 22.Qg1 Rh6
23.Rxh6 Qxh6 24.Qh2 Qxh2 25.Bxh2 a5 26.Kd2 Kd7 27.Na1 Ne7 28.g4 c5 29.Nc2 Ng6
30.Ke1 e5 31.Kf2 Ng8 32.Na3 f6 33.Bg3 N8e7 34.Bd3 Nf8 35.Bc2 Ne6 36.Ba4+ Kd8
37.d5 Nc7 38.e4  1/2-1/2

[Event "Landesliga S9495 Bayern"]
[Site "Germany"]
[Date "1995.??.??"]
[Round "4"]
[White "Hornung, Hans"]
[Black "Molineus, Stefan"]
[Result "0-1"]
[WhiteElo "2150"]
[BlackElo "2180"]

1.c4 Nf6 2.Nf3 e6 3.d4 b6 4.Nc3 Bb4 5.Bg5 Bb7 6.e3 c5 7.Bd3 cxd4 8.exd4 h6
9.Bh4 Bxf3 10.Qxf3 Nc6 11.Qe3 O-O 12.O-O Re8 13.Rad1 Be7 14.Bc2 d5 15.Ba4 Qd7
16.Bxf6 Bxf6 17.Qh3 Qd6 18.Nb5 Qb4 19.Qb3 Red8 20.cxd5 Qxb3 21.Bxb3 exd5
22.Nc7 Rac8 23.Nxd5 Nxd4 24.Rxd4 Bxd4 25.Ne7+ Kf8 26.Nxc8 Rxc8 27.g3 Bxb2
28.Rd1 Rc1 29.Rxc1 Bxc1 30.Kf1 Ke7 31.Ke2 f5 32.h3 Kd6 33.Bc2 f4 34.Kf3 fxg3
35.fxg3 b5 36.Ke4 Kc5 37.Bb3 a5 38.Kf5 Kb4 39.Kg6 Bb2 40.g4 a4 41.Be6 Bf6
42.h4 Ka3 43.g5 hxg5 44.hxg5 Bc3 45.Kf5 Kb2 46.Ke4 g6 47.Kd3 b4 48.Bf7 Be1
49.Kc4 Kxa2 50.Kb5+ Ka3 51.Bxg6 Bd2 52.Bc2 b3 53.Bf5 Bxg5 54.Bg6 Be7 55.Bf5 b2
56.Bg6 Kb3 57.Bf7+ Kc3 58.Bg6 a3 59.Bb1 Kd2 60.Ka4 Kc1  0-1

[Event "Graz op"]
[Site "Graz"]
[Date "1995.??.??"]
[Round "1"]
[White "Wohlfahrt, Herbert J"]
[Black "Eingorn, Vereslav S"]
[Result "0-1"]
[WhiteElo "2235"]
[BlackElo "2600"]

1.d4 Nf6 2.Nf3 e6 3.c4 b6 4.Nc3 Bb7 5.g3 Bb4 6.Qb3 c5 7.Bg2 Nc6 8.dxc5 Bxc5
9.Qd1 Ne5 10.b3 Nxf3+ 11.Bxf3 Bxf3 12.exf3 d5 13.cxd5 Nxd5 14.Nxd5 exd5 15.O-O O-O
16.Bb2 Re8 17.Qd3 Qd6 18.Rad1 Rad8 19.Rfe1 Re6 20.Rxe6 Qxe6 21.Kg2 a5 22.Rd2 Qg6
23.Qxg6 hxg6 24.Bd4 g5 25.Be3 f6 26.f4 g4 27.Bxc5 bxc5 28.f3 gxf3+ 29.Kxf3 Kf7
30.Re2 Rb8 31.Rc2 Rc8 32.Re2 a4 33.f5 axb3 34.axb3 Rb8 35.Re3 d4 36.Rd3 Ke7
37.Kf4 Kd6 38.h4 Kd5 39.g4 Re8 40.Kf3 Re4 41.h5 Ke5 42.Kg3 Re2  0-1

[Event "Wch U18"]
[Site "Guarapuava"]
[Date "1995.??.??"]
[Round "1"]
[White "Vescovi, Giovanni"]
[Black "Petrik, Tomas"]
[Result "1-0"]
[WhiteElo "2465"]
[BlackElo "2145"]

1.d4 Nf6 2.c4 e6 3.Nf3 b6 4.Nc3 Bb7 5.a3 d5 6.cxd5 Nxd5 7.e3 Be7 8.Bb5+ c6
9.Bd3 O-O 10.Qc2 h6 11.O-O Nxc3 12.bxc3 c5 13.Qe2 Nd7 14.e4 Nf6 15.Bb2 Qc7
16.Rad1 Rfd8 17.Ne5 Bd6 18.f4 cxd4 19.cxd4 Qe7 20.f5 exf5 21.Rxf5 g6 22.Rxf6 Qxf6
23.Ng4 Qe7 24.Rf1 f5 25.Nxh6+ Kg7 26.Nxf5+ gxf5 27.Rxf5 Qh4 28.d5+ Kg6 29.Rf6+ Qxf6
30.e5+ Kf7 31.Qh5+ Kf8 32.exf6 Bc5+ 33.Kh1 Bxd5 34.Qh8+ Kf7 35.Qh7+ Ke6 36.Qf5+ Kd6
37.Bb5 Kc7 38.Be5+ Kb7 39.Qh7+  1-0

[Event "Wch U18"]
[Site "Guarapuava"]
[Date "1995.??.??"]
[Round "11"]
[White "Soln, Primoz"]
[Black "Petrik, Tomas"]
[Result "0-1"]
[WhiteElo "2280"]
[BlackElo "2145"]

1.d4 Nf6 2.c4 e6 3.Nf3 b6 4.Nc3 Bb7 5.Bg5 Bb4 6.e3 h6 7.Bh4 c5 8.Bd3 d6 9.O-O Bxc3
10.bxc3 g5 11.Bg3 Ne4 12.Qc2 Nxg3 13.fxg3 Nd7 14.Rf2 Qe7 15.Qa4 O-O 16.Nd2 Nf6
17.h3 Nh5 18.g4 Ng7 19.Raf1 f5 20.Qc2 cxd4 21.cxd4 Rf6 22.Be4 d5 23.Bd3 Raf8
24.Nf3 dxc4 25.Qxc4 fxg4 26.hxg4 Bxf3 27.gxf3 Qd7 28.Kg2 Rc8 29.Qb3 Ne8 30.Rc2 Rxc2+
31.Qxc2 Qc7 32.Rc1 Rf7 33.Bc4 Rf6 34.Qe4 Qe7 35.Bb3 Kg7 36.Rc6 Nd6 37.Qe5 Nf7
38.Qb8 Qb4 39.Rc2 Qe1 40.e4 Qe3 41.Rf2 Qxd4 42.Qxa7 h5 43.gxh5 g4 44.e5 gxf3+
45.Rxf3 Qd2+ 46.Kg3 Qe1+ 47.Kg4 Qe4+  0-1

[Event "Hafnarfjordur op"]
[Site "Hafnarfjordur"]
[Date "1995.??.??"]
[Round "3"]
[White "Jonsson, Bjorgvin"]
[Black "Ulfarsson, Magnus Orn"]
[Result "1-0"]
[WhiteElo "2395"]
[BlackElo "2225"]

1.d4 Nf6 2.Nf3 e6 3.c4 b6 4.Nc3 Bb4 5.e3 Ne4 6.Qc2 Bb7 7.Bd3 f5 8.O-O Bxc3
9.bxc3 O-O 10.Ne1 Qh4 11.f3 Nf6 12.Bd2 Nc6 13.Rb1 Rab8 14.Rb2 Na5 15.Qd1 Qh5
16.Qe2 Ne8 17.Nc2 Rf6 18.Be1 Rf8 19.Bg3 Rc8 20.Na3 Ba6 21.Nb5 c6 22.Na3 Qg5
23.Nb1 Qe7 24.e4 fxe4 25.fxe4 Rxf1+ 26.Kxf1 d6 27.Kg1 e5 28.Nd2 Nf6 29.Nb3 Nb7
30.Rb1 Re8 31.Re1 Qf7 32.Rf1 Qg6 33.Rf5 exd4 34.cxd4 Nxe4 35.Qf3 Nxg3 36.hxg3 Qe6
37.Kh2 Bxc4 38.Bb1 Bd5 39.Qg4 Be4 40.Bxe4 Qxe4 41.Rf4 Qe6 42.Qf3 d5 43.Nc1 Nd6
44.Nd3 Nc4 45.Rg4 Qh6+ 46.Rh4 Qg6 47.Nf4 Qf5 48.Rh5 Qf7 49.Qg4 Ne3 50.Qe2 Qd7
51.Rg5 h6 52.Rg6 Qf5 53.Qh5 Nf1+ 54.Kg1 Qe4 55.Qg4 Qxd4+ 56.Kh1 Re1 57.Qd7 Nxg3+
58.Kh2 Nf1+ 59.Kh3 Qe5 60.g3 Kh7 61.Qf7  1-0

[Event "Haifa"]
[Site "Haifa"]
[Date "1995.??.??"]
[Round "2"]
[White "Greenfeld, Alon"]
[Black "Gruenfeld, Yehuda"]
[Result "1-0"]
[WhiteElo "2580"]
[BlackElo "2505"]

1.d4 Nf6 2.Nf3 e6 3.c4 b6 4.Nc3 Bb7 5.a3 d5 6.cxd5 exd5 7.Bg5 Be7 8.Qa4+ c6
9.e3 O-O 10.Bd3 Ne4 11.Bf4 f5 12.Ne5 b5 13.Qb3 Kh8 14.f3 Nxc3 15.Qxc3 Qc8
16.Rc1 a5 17.Qc2 b4 18.g4 Qe8 19.Bxf5 g6 20.Bxg6 hxg6 21.Nxg6+ Kg8 22.Nxf8 Bxf8
23.axb4 axb4 24.Kf2 Nd7 25.Ra1 c5 26.Rxa8 Bxa8 27.dxc5 Nxc5 28.Ra1 Bb7 29.h4 Qc6
30.Kg2 Qe6 31.Kg3 Qc6 32.Rc1 Qf6 33.Qf5 Qxf5 34.gxf5 Ba6 35.Ra1 Bd3 36.Ra8 Bxf5
37.Bd6 Ne6 38.Bxb4 Kf7 39.Bxf8 Nxf8 40.Kf4 Bd3 41.Ke5 Bc4 42.Ra7+  1-0

[Event "Hajduszoboszlo"]
[Site "Hajduszoboszlo"]
[Date "1995.??.??"]
[Round "2"]
[White "Krutti, Valer"]
[Black "Kovacs, Laszlo M"]
[Result "1-0"]
[WhiteElo "2415"]
[BlackElo "2345"]

1.d4 Nf6 2.c4 e6 3.Nf3 b6 4.Nc3 Bb7 5.a3 Be7 6.d5 O-O 7.g3 b5 8.dxe6 bxc4
9.exf7+ Rxf7 10.Bg2 Nc6 11.O-O Rb8 12.Qa4 Rf8 13.Qxc4+ Kh8 14.Be3 a5 15.Rad1 Qe8
16.Bc1 Qh5 17.h3 Bd6 18.Qh4 Qxh4 19.Nxh4 Ne5 20.Nf5 Bc5 21.Na4 Ba7 22.Be3 Bxe3
23.Nxe3 Ba6 24.Rd2 d6 25.Rc1 Rf7 26.f4 Ng6 27.Nd5 Nxd5 28.Bxd5 Re7 29.Bf3 Nf8
30.Nc3 Bc4 31.Bd5 Ba6 32.Bf3 Bc4 33.Rd4 Bg8 34.Rc2 Nd7 35.Bd5 Nf6 36.Bxg8 Kxg8
37.Ra4 d5 38.Rxa5  1-0

[Event "Wch U20 Girls"]
[Site "Halle"]
[Date "1995.??.??"]
[Round "2"]
[White "Kadimova, Ilaha"]
[Black "Meissner, Claudia"]
[Result "1-0"]
[WhiteElo "2305"]
[BlackElo "2095"]

1.d4 Nf6 2.c4 e6 3.Nf3 b6 4.Nc3 Bb7 5.a3 Be7 6.d5 d6 7.e4 e5 8.Bd3 O-O 9.O-O Nbd7
10.b4 a5 11.Rb1 axb4 12.axb4 Ne8 13.Qc2 g6 14.Bh6 Ng7 15.Ra1 Ba6 16.Ra4 Bb7
17.Rfa1 Rb8 18.Ra7 c5 19.dxc6 Bxc6 20.Nd5 Re8 21.Nc7 Rf8 22.Qa2 Rc8 23.Nd5 Re8
24.Be3 Ne6 25.Qa6 Rb8 26.Bc2 Bf8 27.Ba4 Bxa4 28.Qxa4 b5 29.cxb5 Nf6 30.b6 Nxe4
31.Rd7 Qc8 32.Rc1  1-0

[Event "Wch U20"]
[Site "Halle"]
[Date "1995.??.??"]
[Round "3"]
[White "Pedro, Aderito"]
[Black "Dervishi, Erald"]
[Result "1/2-1/2"]
[WhiteElo "2195"]
[BlackElo "2310"]

1.d4 Nf6 2.Nf3 e6 3.c4 b6 4.Nc3 Bb7 5.Bf4 d5 6.e3 Be7 7.cxd5 exd5 8.Bb5+ c6
9.Bd3 O-O 10.O-O Nbd7 11.h3 Re8 12.Rc1 Nf8 13.Ne5 N6d7 14.Qf3 Nxe5 15.Bxe5 Bd6
16.Bxd6 Qxd6 17.Ne2 Rac8 18.a3 c5 19.Qg3 Qf6 20.Rfd1 Ne6 21.h4 h6 22.Qg4 cxd4
23.Nxd4 Nxd4 24.exd4 Red8 25.Qf5 Qxf5 26.Bxf5 Rc4 27.b3 Rc6 28.Rxc6 Bxc6
29.Rc1 Bd7 30.Bxd7 Rxd7 31.Rc8+ Kh7 32.h5 g6 33.hxg6+ Kxg6 34.f3 f5 35.g3 f4
36.gxf4 Rf7 37.Kf2 Rxf4 38.Ke3 Rf7 39.Rd8 Re7+ 40.Kf4 Rf7+ 41.Kg3 Rc7 42.Rd6+ Kf7
43.Rxd5 Rc3 44.Rd7+ Ke6 45.Rxa7 Rxb3 46.Rh7 Kd5 47.Rxh6 Kxd4 48.Rh4+ Ke5
49.a4 Kf6 50.Rc4 b5 51.Rc6+ Kf7 52.a5 Ra3 53.a6 b4 54.Kg4 b3 55.Rb6 b2 56.f4 Rxa6
57.Rb7+ Kf8 58.Kg5 Ra5+ 59.f5 Ra6 60.Rxb2 Rc6 61.Ra2 Rb6  1/2-1/2

[Event "Wch U20 Girls"]
[Site "Halle"]
[Date "1995.??.??"]
[Round "12"]
[White "Esirkepova, Altyn"]
[Black "Meissner, Claudia"]
[Result "1-0"]
[WhiteElo "2140"]
[BlackElo "2095"]

1.d4 Nf6 2.Nf3 e6 3.c4 b6 4.Nc3 Bb7 5.Bg5 Be7 6.Qc2 c5 7.e4 cxd4 8.Nxd4 d6
9.Be2 Nbd7 10.Rd1 a6 11.O-O Rc8 12.f4 Qc7 13.f5 e5 14.Nb3 b5 15.cxb5 axb5
16.Bxf6 Qb6+ 17.Kh1 Nxf6 18.Qd3 O-O 19.Nd2 b4 20.Nd5 Bxd5 21.exd5 Qa5 22.Nc4 Qa7
23.g4 Rc5 24.Bf3 Qxa2 25.b3 Qa7 26.g5 e4 27.Bxe4 Nxe4 28.Qxe4 Bxg5 29.f6 Qd7
30.Qg2 Bh6 31.Qg3 Rd8 32.Qh4 Kh8 33.Rg1 Rg8 34.fxg7+ Bxg7 35.Qf4 f5 36.Qxd6 Qxd6
37.Nxd6 Rf8 38.Rgf1 Rc2 39.Rxf5 Rxf5 40.Nxf5 Be5 41.Re1  1-0

[Event "Helsinki PC-SuperSto"]
[Site "Helsinki"]
[Date "1995.??.??"]
[Round "?"]
[White "Yrjola, Jouni"]
[Black "Norri, Joose"]
[Result "1-0"]
[WhiteElo "2440"]
[BlackElo "2380"]

1.d4 Nf6 2.c4 e6 3.Nf3 b6 4.Nc3 Bb7 5.a3 g6 6.Bf4 Bg7 7.e3 O-O 8.Be2 d6 9.O-O Nbd7
10.b4 Qe7 11.h3 e5 12.Bh2 Ne4 13.Nxe4 Bxe4 14.Rc1 a5 15.Qb3 axb4 16.axb4 Rae8
17.dxe5 Nxe5 18.Nd2 Ba8 19.Rfe1 Qh4 20.Bg3 Qg5 21.Kh2 Qf6 22.f4 Nd7 23.Bf3 Qb2
24.Rc2 Qxb3 25.Nxb3 Bxf3 26.gxf3 Ra8 27.Nd4 Ra4 28.Nc6 Rfa8 29.Bh4 Ra2 30.Ree2 Rxc2
31.Rxc2 Ra3 32.Bd8 Rxe3 33.Bxc7 Rxf3 34.Bxd6 Rd3 35.Ne7+ Kh8 36.c5 bxc5 37.bxc5 Bh6
38.Nc8 Nxc5 39.Bxc5 Bxf4+ 40.Kg2 Rg3+ 41.Kf2 Rxh3 42.Bd4+ Kg8 43.Rc6 Rd3
44.Bf6  1-0

[Event "Heraklio op"]
[Site "Heraklio"]
[Date "1995.??.??"]
[Round "2"]
[White "Husari, Sate"]
[Black "Wach, Slawomir"]
[Result "1-0"]
[WhiteElo "2310"]
[BlackElo "2265"]

1.d4 e6 2.c4 Nf6 3.Nf3 b6 4.Nc3 Bb7 5.a3 d5 6.cxd5 Nxd5 7.e4 Nxc3 8.bxc3 Bxe4
9.Ne5 Bb7 10.Bb5+ c6 11.Qh5 Qc7 12.Bd3 g6 13.Qf3 Bg7 14.Bf4 Qe7 15.Nc4 O-O
16.Bd6 Qd7 17.Bxf8 Kxf8 18.O-O Kg8 19.Rfd1 Qc7 20.Qg3 Qe7 21.Be4 Bf8 22.a4 Na6
23.Ne5 Rc8 24.Qf3 Qc7 25.Qe2 Nb8 26.c4 Ba6 27.Nf3 Nd7 28.Bd3 Bb7 29.Ne5 Bg7
30.Re1 Re8 31.Rad1 Nf6 32.c5 bxc5 33.dxc5 Nd5 34.Nf3 Nc3 35.Qc2 Nxd1 36.Rxd1 Bc8
37.Nd2 e5 38.Ne4 Be6 39.Nd6 Rb8 40.Bc4 Bxc4 41.Qxc4 Bf8 42.Qe4 h6 43.h4 h5
44.Rd3 a5 45.Rf3 Rb4 46.Qc2 f5 47.Qa2+ Kh7 48.Qe6 e4 49.Rf4 Rb8 50.g4 Bh6
51.g5 Bf8 52.Nxe4 Bxc5 53.Rxf5 gxf5 54.Qh6+  1-0